000 00408nam a2200181Ia 4500
005 20250425160719.0
008 250425s9999 xx 000 0 und d
041 _aspa
082 _a378.866306
245 0 _aINFORME DE LABORES 1987-1992
250 _a1A ED.
260 _aEcuador
_bESPOL
_c1987
260 _aGUAYAQUIL
300 _a129
650 _aESPOL-INFORMES
942 _c01
010 _a3265
999 _c194669
_d194669